Janner's complete speechmaker (Record no. 4034)

000 -LEADER
fixed length control field nam a22 a 4500
005 - DATE AND TIME OF LATEST TRANSACTION
control field 20170524162526.0
008 - FIXED-LENGTH DATA ELEMENTS--GENERAL INFORMATION
fixed length control field 170524b1989 enk||||| |||| 00| 0 eng d
020 ## - INTERNATIONAL STANDARD BOOK NUMBER
International Standard Book Number 009173973X (pbk) :
Terms of availability £7.95
020 ## - INTERNATIONAL STANDARD BOOK NUMBER
International Standard Book Number 0091740738
040 ## - CATALOGING SOURCE
Original cataloging agency AKMAL
082 04 - DEWEY DECIMAL CLASSIFICATION NUMBER
Classification number 808.51 JAN
090 ## - LOCALLY ASSIGNED LC-TYPE CALL NUMBER (OCLC); LOCAL CALL NUMBER (RLIN)
Classification number (OCLC) (R) ; Classification number, CALL (RLIN) (NR) 808.51
Local cutter number (OCLC) ; Book number/undivided call number, CALL (RLIN) JAN
100 1# - MAIN ENTRY--PERSONAL NAME
Personal name Janner, Greville.
9 (RLIN) 683
245 10 - TITLE STATEMENT
Title Janner's complete speechmaker
Statement of responsibility, etc. Greville Janner.
250 ## - EDITION STATEMENT
Edition statement 3rd ed., including compendium of draft speeches and retellable tales.
260 ## - PUBLICATION, DISTRIBUTION, ETC.
Place of publication, distribution, etc. London :
Name of publisher, distributor, etc. Business Books,
Date of publication, distribution, etc. 1989.
300 ## - PHYSICAL DESCRIPTION
Extent xiii,295p. :
Other physical details ill. ;
Dimensions 22cm
500 ## - GENERAL NOTE
General note Previous ed.: 1984.
500 ## - GENERAL NOTE
General note Includes index.
650 #0 - SUBJECT ADDED ENTRY--TOPICAL TERM
Topical term or geographic name entry element Public speaking.
9 (RLIN) 488
852 41 - LOCATION
Location British Library
Sublocation or collection HMNTS
942 ## - ADDED ENTRY ELEMENTS (KOHA)
Source of classification or shelving scheme
Koha item type Book
Holdings
Withdrawn status Lost status Source of classification or shelving scheme Damaged status Not for loan Collection code Home library Current library Shelving location Date acquired Inventory number Total Checkouts Full call number Barcode Date last seen Price effective from Koha item type
          FICTION AKMAL Melaka AKMAL Melaka PINJAMAN 24.05.2017 800349   808.51 JAN 201705083 24.05.2017 24.05.2017 Book
Pusat Sumber Maklumat Dato' Haji Sarmin Md Hussin, Akademi Kastam Diraja Malaysia, Melaka
Tel: 06-2331106 | Faks: 06-2313787